000 00478nam a2200181Ia 4500
003 GCL
008 140319s9999 xx 000 0 ara d
040 _aGCL /
_cGCL
082 0 4 _a883
_bهـ ا
100 1 _aهوميروس
245 1 0 _aالياذة هوميروس /
_cهوميروس
700 1 _aعنبرة سلام الخالدى
300 _a260 ص
490 _aكتاب
_v0
650 0 4 _aالادب اليونانى
650 0 4 _aالالياذة
942 _2ddc
_cBK
999 _c40836
_d40836